Берегитесь, великаны! (Запись № 12153994)

Подробности
000 -МАРКЕР
контрольное поле 01714nam0a2200397 4500
001 - ИДЕНТИФИКАТОР ЗАПИСИ
контрольное поле RU\NLR\BIBL_A\012485492
005 - ИДЕНТИФИКАТОР ВЕРСИИ
контрольное поле 20210524114756.0
010 ## - МЕЖДУНАРОДНЫЙ СТАНДАРТНЫЙ НОМЕР КНИГИ (ISBN)
Номер (ISBN) 978-5-00169-301-7
Тираж 3000
021 ## - НОМЕР ГОСУДАРСТВЕННОЙ РЕГИСТРАЦИИ
Код страны Российская Федерация
Номер АЛ-П-20-00970и
Номер Листа государственной регистраци АЛ-П-20-0187
035 ## - ДРУГИЕ СИСТЕМНЫЕ НОМЕРА
Идентификатор записи (NLR Aleph) 012485492
035 ## - ДРУГИЕ СИСТЕМНЫЕ НОМЕРА
Идентификатор записи (RuMoRGB)010530710
100 ## - ДАННЫЕ ОБЩЕЙ ОБРАБОТКИ
Данные общей обработки 20210325d2021 d y0rusy50 ca
101 1# - ЯЗЫК РЕСУРСА
Язык текста, звукозаписи и т.д. русский
Язык оригинала английский
102 ## - СТРАНА ПУБЛИКАЦИИ ИЛИ ПРОИЗВОДСТВА
Страна публикации Российская Федерация
105 ## - ПОЛЕ КОДИРОВАННЫХ ДАННЫХ: ТЕКСТОВЫЕ МАТЕРИАЛЫ, МОНОГРАФИЧЕСКИЕ
Кодированные данные о монографическом текстовом документе a|||t|||000ay
181 #0 - ПОЛЕ КОДИРОВАННЫХ ДАННЫХ: ВИД СОДЕРЖАНИЯ
Код вида содержания (ISBD) i2
Код характеристики содержания (ISBD) axxe
181 #0 - ПОЛЕ КОДИРОВАННЫХ ДАННЫХ: ВИД СОДЕРЖАНИЯ
Код вида содержания (ISBD) b3
Код характеристики содержания (ISBD) axxe
182 #0 - ПОЛЕ КОДИРОВАННЫХ ДАННЫХ: ТИП СРЕДСТВА
Код типа средства (ISBD) n - непосредственное
200 1# - ЗАГЛАВИЕ И СВЕДЕНИЯ ОБ ОТВЕТСТВЕННОСТИ
Основное заглавие Берегитесь, великаны!
Сведения, относящиеся к заглавию [комикс
-- для среднего школьного возраста]
Первые сведения об ответственности Хорхе Агирре
Последующие сведения об ответственности сценаристы Рафаэль Росадо, Хорхе Агирре
-- [перевод с английского Анны Тихоновой]
-- художник Рафаэль Росадо
203 ## - ВИД СОДЕРЖАНИЯ И ТИП СРЕДСТВА
Вид содержания Текст
-- Изображение
Дополнительные сведения об издании визуальные
Тип средства непосредственные
210 ## - ПУБЛИКАЦИЯ, РАСПРОСТРАНЕНИЕ И ДР.
Место издания, распространения и т.д. Москва
Имя издателя, распространителя и т. д. Манн, Иванов и Фербер
Дата издания, распространения и т.д. 2021 [т.е. 2020]
215 ## - ФИЗИЧЕСКАЯ ХАРАКТЕРИСТИКА
Специфическое обозначение материала и объем 205, [3] с.
Другие сведения о физической характеристике цв. ил.
Размеры 25
300 ## - ОБЩИЕ ПРИМЕЧАНИЯ
Текст примечания На обл. и корешке авт.: Рафаэль Ромадо, Хорхе Агирре
300 ## - ОБЩИЕ ПРИМЕЧАНИЯ
Текст примечания Фактическая дата выхода в свет - 2020
333 ## - ПРИМЕЧАНИЯ ОБ ОСОБЕННОСТЯХ РАСПРОСТРАНЕНИЯ И ИСПОЛЬЗОВАНИЯ
Текст примечания 6+
686 0# - ИНДЕКСЫ ДРУГИХ КЛАССИФИКАЦИЙ
Индекс Ш9(7США)62-4
686 0# - ИНДЕКСЫ ДРУГИХ КЛАССИФИКАЦИЙ
Индекс Щ153(7США)6-475
700 #1 - ИМЯ ЛИЦА - ПЕРВИЧНАЯ ОТВЕТСТВЕННОСТЬ
Графика поля Кириллица
Материалы, к которым относится поле rus
Начальный элемент ввода Агирре
Часть имени, кроме начального элемента ввода Х.
Расширение инициалов личного имени Хорхе
Системный номер авторитетной/нормативной записи 230061
Идентификатор авторитетной/нормативной записи RU\NLR\AUTH\770230117
702 #1 - ИМЯ ЛИЦА - ВТОРИЧНАЯ ОТВЕТСТВЕННОСТЬ
Начальный элемент ввода Росадо
Часть имени, кроме начального элемента ввода Р.
Расширение инициалов личного имени Рафаэль
Код отношения Иллюстратор
942 ## - ДОПОЛНИТЕЛЬНЫЕ ЭЛЕМЕНТЫ ЗАПИСИ (АБИС)
Тип экземпляра АБИС Книга
980 ## - КОЛЛЕКЦИЯ
Название коллекции Национальная библиография
Экземпляры
Тип экземпляра Дата поступления Источник поступления Библиотека постоянного хранения Библиотека текущего хранения Место хранения Шифр хранения Штрих-код Статус экземпляра
Книга 25.03.2021 Обязательный экземпляр РНБ (Московский) РНБ (Московский) Русский книжный фонд: издания с 1957 года 2021-7/1657 1-3324300  
Книга 25.03.2021 Обязательный экземпляр РНБ (Московский) РНБ (Московский) Обменный фонд   1-3324299